000 00281nam a2200133 i 4500
001 bg
100 1 _aZĄBEK, J.
245 0 _aGeodezja I /
_cJ. Ząbek.
260 _aWarszawa,
_c1991.
040 _cBPK
041 _apol
942 _cKS
008 s pl f |000 0 pol
999 _c5389
_d5389
856 _uhttp://koha.tu.koszalin.pl/cgi-bin/koha/opac-detail.pl?biblionumber=5389
_yKatalog online BPK